[Event "World Blitz"]
[Site "Moscow RUS"]
[Date "2007.11.22"]
[Round "29"]
[White "Gelfand, B."]
[Black "Ivanchuk, V."]
[Result "1-0"]
[WhiteElo "2736"]
[BlackElo "2787"]
[PlyCount "73"]
[EventDate "2007.11.21"]
[Source "www.chesslib.no"]
[SourceDate "2004.05.04"]

1. d4 f5 2. Nc3 Nf6 3. Bg5 d5 4. e3 e6 5. Nf3 Be7 6. Bd3 c5 7. O-O O-O 8. dxc5 Nc6 9. Na4 e5 10. Bb5 h6 11. Bxf6 Bxf6 12. c4 dxc4 13. Bxc4+ Kh7 14. Qxd8 Rxd8 15. Rad1 Bd7 16. Nc3 e4 17. Nd4 Rac8 18. Ne6 Ne5 19. Nxd8 Rxd8 20. Be2 Rc8 21. Nd5 Rxc5 22. Nxf6+ gxf6 23. Rc1 Ra5 24. Rc7 Kg6 25. Rxb7 Rxa2 26. h3 Bc6 27. Rb8 a5 28. Rc1 Bd5 29. Rb5 Bf7 30. f4 Nd3 31. Rc7 Ra1+ 32. Kh2 Re1 33. Rbb7 Rxe2 34. Rxf7 Rxe3 35. Rg7+ Kh5 36. Rb5 Kh4 37. Rxf5 1-0

[Event "Las Palmas"]
[Site "Las Palmas"]
[Date "1993.??.??"]
[Round "?"]
[White "Khalifman, A."]
[Black "Topalov, Veselin"]
[Result "1-0"]
[WhiteElo "2630"]
[BlackElo "2635"]
[PlyCount "49"]
[EventDate "1993.06.??"]
[Source "www.chesslib.no"]
[SourceDate "2004.05.04"]

1. d4 f5 2. Nc3 d5 3. Bf4 Nf6 4. e3 c6 5. Nf3 g6 6. Bd3 Bg7 7. O-O O-O 8. Ne2 Ne4 9. c4 Kh8 10. Be5 e6 11. b4 Nd6 12. Bxg7+ Kxg7 13. Qb3 Nd7 14. a4 Qf6 15. cxd5 exd5 16. b5 Ne4 17. Rac1 Qd6 18. Qc2 Rf6 19. Rfd1 a6 20. Nf4 h6 21. Qb2 Kh7 22. Ne5 Nec5 23. Rxc5 Nxc5 24. dxc5 Qxc5 25. Nd7 1-0

[Event "Escaldes"]
[Site "?"]
[Date "2003.03.12"]
[Round "2"]
[White "Ponomariov Ruslan"]
[Black "De la Riva Oscar"]
[Result "1-0"]
[WhiteElo "2734"]
[BlackElo "2528"]
[PlyCount "79"]
[EventDate "2003.??.??"]
[Source "www.chesslib.no"]
[SourceDate "2004.05.04"]

1. d4 f5 2. Nc3 Nf6 3. Bg5 d5 4. Bxf6 exf6 5. e3 Be6 6. Bd3 Qd7 7. h4 h5 8. Nh3 Nc6 9. a3 O-O-O 10. b4 Ne7 11. Nf4 Bf7 12. g3 Kb8 13. Be2 g6 14. Bf3 Bh6 15. Nd3 Nc8 16. Nc5 Qe8 17. Qd3 Nb6 18. a4 Nc4 19. O-O g5 20. Nxd5 Bxd5 21. Bxd5 Rxd5 22. Qxc4 Rd6 23. hxg5 fxg5 24. Qb5 Qc8 25. Kg2 f4 26. Rh1 h4 27. exf4 Rf8 28. Rae1 a6 29. Qd3 Bg7 30. c3 Rdf6 31. Re7 gxf4 32. Nd7+ Ka8 33. Rxg7 fxg3 34. Nxf6 Rxf6 35. fxg3 Qf8 36. Rg4 Rf2+ 37. Kh3 hxg3 38. Kxg3 Rf7 39. Qe3 Qd6+ 40. Qe5 1-0

[Event "Pardubice"]
[Site "?"]
[Date "1993.??.??"]
[Round "?"]
[White "Chernin, A."]
[Black "Malaniuk, V."]
[Result "1/2-1/2"]
[WhiteElo "2615"]
[BlackElo "2635"]
[PlyCount "48"]
[EventDate "1993.??.??"]
[Source "ChessBase"]
[SourceDate "1993.06.01"]

1. d4 f5 2. Nc3 Nf6 3. Bg5 d5 4. Bxf6 exf6 5. e3 c6 6. Bd3 Na6 7. a3 Nc7 8. h3 Be6 9. g4 fxg4 10. hxg4 Qd7 11. Bg6+ Kd8 12. f3 f5 13. Qd3 fxg4 14. O-O-O Ne8 15. e4 Nd6 16. fxg4 dxe4 17. Nxe4 Nxe4 18. Bxe4 Bxg4 19. Nf3 Bd6 20. Qc3 Kc7 21. d5 c5 22. Ne5 Qe7 23. Nxg4 Qxe4 24. Qxg7+ Qe7 1/2-1/2

[Event "Bundesliga 0001"]
[Site "Germany"]
[Date "2001.02.18"]
[Round "9.2"]
[White "Nielsen, Peter Heine"]
[Black "Gurevich, Mikhail"]
[Result "1/2-1/2"]
[WhiteElo "2578"]
[BlackElo "2667"]
[PlyCount "36"]
[EventDate "2000.10.14"]
[Source "ChessBase"]
[SourceDate "2001.07.03"]

1. d4 f5 2. Nc3 Nf6 3. Bg5 d5 4. e3 e6 5. Nf3 Be7 6. Bd3 Ne4 7. Bxe7 Qxe7 8. O-O O-O 9. Ne2 Nd6 10. Rc1 Bd7 11. c4 dxc4 12. Bxc4 Nxc4 13. Rxc4 Bc6 14. Nc3 Nd7 15. b4 Nb6 16. Rc5 Nd7 17. Rc4 Nb6 18. Rc5 Nd7 1/2-1/2

[Event "Groningen PCA"]
[Site "Groningen"]
[Date "1993.??.??"]
[Round "7"]
[White "Yermolinsky, Alex"]
[Black "Malaniuk, Vladimir P"]
[Result "1/2-1/2"]
[WhiteElo "2605"]
[BlackElo "2635"]
[PlyCount "133"]
[EventDate "1993.12.??"]
[Source "ChessBase"]

1. d4 f5 2. Nf3 Nf6 3. Bg5 e6 4. Nbd2 Be7 5. Bxf6 Bxf6 6. e4 d6 7. Bb5+ Nc6 8. O-O O-O 9. c3 a6 10. Bxc6 bxc6 11. e5 Be7 12. Re1 Re8 13. Qc2 Bf8 14. c4 c5 15. dxc5 dxc5 16. Rad1 Bb7 17. Qc3 a5 18. Nb3 Qb8 19. Ng5 a4 20. Nc1 Bc6 21. Nh3 Qb4 22. Qc2 Rad8 23. Nd3 Qb7 24. f3 Rd4 25. Ndf4 Qb4 26. b3 g6 27. Ne2 Rd7 28. Kf1 axb3 29. axb3 Rxd1 30. Rxd1 Be7 31. Nhf4 Kf7 32. Nd3 Qa5 33. Qc3 Ra8 34. Qc1 Qa2 35. Qc3 Rb8 36. Nec1 Qa6 37. Qd2 g5 38. Qf2 Qb6 39. Rd2 Rd8 40. h3 Qa5 41. Ra2 Qc3 42. Qc2 Qxc2 43. Rxc2 Ra8 44. Ra2 Ke8 45. Rxa8+ Bxa8 46. Ne2 Bb7 47. Nc3 Kd7 48. Kf2 h6 49. Na4 Kc6 50. f4 Bc8 51. g4 Bd7 52. Nc3 Bd8 53. Kg3 Be8 54. gxf5 exf5 55. Nd5 Bh5 56. Ne3 Be2 57. Ne1 gxf4+ 58. Kf2 fxe3+ 59. Kxe2 Bg5 60. Nd3 h5 61. Kf3 h4 62. Ke2 Bh6 63. Kf1 Bg5 64. Ke1 Bh6 65. Ke2 Bg5 66. Kf3 Bh6 67. Ke2 1/2-1/2

[Event "Elista ol (Men)"]
[Site "Elista"]
[Date "1998.10.09"]
[Round "10"]
[White "Sakaev, Konstantin"]
[Black "Malaniuk, Vladimir P"]
[Result "1/2-1/2"]
[WhiteElo "2635"]
[BlackElo "2590"]
[PlyCount "51"]
[EventDate "1998.09.29"]
[Source "ChessBase"]
[SourceDate "1998.11.06"]

1. d4 f5 2. Nc3 Nf6 3. Bg5 d5 4. f3 e6 5. e4 Be7 6. exf5 exf5 7. Qd2 O-O 8. O-O-O c6 9. Bd3 Nh5 10. Bxe7 Qxe7 11. Re1 Qd6 12. Nh3 Nd7 13. Qg5 g6 14. Ne2 Qf6 15. g4 fxg4 16. fxg4 Qxg5+ 17. Nxg5 Ng7 18. Rhf1 Nf6 19. h3 Bd7 20. Nf3 Rae8 21. Ne5 Bc8 22. c3 Nd7 23. Nxd7 Bxd7 24. Kd2 Ne6 25. Rxf8+ Rxf8 26. Ke3 1/2-1/2

[Event "Canadian Open"]
[Site "Kapuskasing"]
[Date "2004.07.17"]
[Round "9"]
[White "Moiseenko, Alexander"]
[Black "Spraggett, Kevin"]
[Result "1-0"]
[WhiteElo "2640"]
[BlackElo "2584"]
[PlyCount "83"]
[EventDate "2004.07.10"]
[Source "Roberto Alvarez"]
[SourceDate "2004.07.12"]

1. d4 f5 2. Nc3 Nf6 3. Bg5 d5 4. Bxf6 exf6 5. e3 Be6 6. Qf3 Qd7 7. Bb5 c6 8. Bd3 g6 9. Nge2 h5 10. O-O-O Na6 11. Bxa6 bxa6 12. Na4 Qb7 13. Nc5 Bxc5 14. dxc5 Rb8 15. b3 Kf7 16. Nd4 Bd7 17. Qf4 Rhe8 18. h3 Re5 19. g4 fxg4 20. hxg4 Bxg4 21. Rdg1 Rg8 22. f3 Bd7 23. a3 Qc8 24. Kd2 Qf8 25. b4 Qe7 26. Qh6 Qf8 27. Qf4 Qe7 28. Qg3 Rg5 29. Qf2 Rxg1 30. Rxg1 a5 31. Qg3 g5 32. Qc7 Re8 33. Re1 axb4 34. axb4 Qd8 35. Qxa7 Re7 36. Ra1 h4 37. Qb7 Be8 38. Qb6 Qc8 39. b5 cxb5 40. Ra6 Kg8 41. Qxf6 Qxc5 42. Qxg5+ 1-0

[Event "Tch (Men) 2005/2006 FRA"]
[Site "?"]
[Date "2006.03.30"]
[Round "4"]
[White "Agrest Evgenij"]
[Black "Gurevich Mikhail"]
[Result "1/2-1/2"]
[WhiteElo "2591"]
[BlackElo "2633"]
[PlyCount "24"]
[EventDate "2006.??.??"]
[Source "www.chesslib.no"]
[SourceDate "2004.05.04"]

1. d4 f5 2. Nc3 Nf6 3. Bg5 d5 4. f3 Nc6 5. Qd2 e6 6. Nh3 h6 7. Bxf6 Qxf6 8. O-O-O Bd7 9. e4 dxe4 10. fxe4 O-O-O 11. e5 Qf7 12. a3 g5 1/2-1/2

[Event "Kusadasi TUR"]
[Site "?"]
[Date "2006.04.15"]
[Round "11"]
[White "Sakaev Konstantin"]
[Black "Nijboer Friso"]
[Result "1/2-1/2"]
[WhiteElo "2649"]
[BlackElo "2571"]
[PlyCount "57"]
[EventDate "2006.??.??"]
[Source "www.chesslib.no"]
[SourceDate "2004.05.04"]

1. d4 f5 2. Nc3 Nf6 3. Bg5 d5 4. e3 e6 5. Nf3 a6 6. Ne2 c5 7. c3 Bd6 8. Nf4 c4 9. g3 O-O 10. Bg2 Nc6 11. h4 Qe8 12. Nh3 b5 13. Bf4 Be7 14. Ne5 Nxe5 15. Bxe5 Bd7 16. Bf3 Ne4 17. Nf4 Bf6 18. g4 Bxe5 19. dxe5 Nc5 20. Qd4 Rc8 21. Rg1 Nd3+ 22. Kf1 Nxf4 23. exf4 Qe7 24. Ke2 b4 25. Ke3 Rb8 26. Rg3 Kh8 27. Rag1 fxg4 28. Rxg4 Rf7 29. h5 1/2-1/2

[Event "Elista ol (Men)"]
[Site "Elista"]
[Date "1998.10.05"]
[Round "7"]
[White "Gulko, Boris F"]
[Black "Onischuk, Alexander"]
[Result "1/2-1/2"]
[WhiteElo "2585"]
[BlackElo "2630"]
[PlyCount "83"]
[EventDate "1998.09.29"]
[Source "ChessBase"]
[SourceDate "1998.11.06"]

1. d4 f5 2. Nc3 d5 3. Bg5 g6 4. e3 Nh6 5. Nf3 c6 6. h4 Nf7 7. Bf4 Bg7 8. Ng5 Nxg5 9. hxg5 Nd7 10. Qd2 e5 11. dxe5 Nxe5 12. O-O-O Qe7 13. Be2 Be6 14. Bxe5 Bxe5 15. f4 Bg7 16. Bf3 O-O-O 17. Ne2 Rhe8 18. Nd4 Bg8 19. Rhe1 Kb8 20. Kb1 c5 21. Nb5 Qd7 22. Qa5 a6 23. Nc3 d4 24. Qxc5 Qf7 25. exd4 Rxe1 26. Rxe1 Bxd4 27. Qe7 Rd7 28. Qxf7 Bxf7 29. Rd1 Kc7 30. Bxb7 Bc4 31. Bf3 a5 32. Nd5+ Bxd5 33. Bxd5 Be3 34. g3 Bf2 35. Rd3 Re7 36. a4 Re3 37. Rxe3 Bxe3 38. Bg8 Bf2 39. Bxh7 Bxg3 40. Bxg6 Bxf4 41. Bxf5 Bxg5 42. c3 1/2-1/2

[Event "YUG-chT"]
[Site "?"]
[Date "1998.??.??"]
[Round "10"]
[White "Sakaev Konstantin"]
[Black "Atalik Suat"]
[Result "1/2-1/2"]
[WhiteElo "2620"]
[BlackElo "2595"]
[PlyCount "31"]
[EventDate "1998.??.??"]
[Source "www.chesslib.no"]
[SourceDate "2004.05.04"]

1. d4 f5 2. Nf3 Nf6 3. Bg5 e6 4. Nbd2 Be7 5. Bxf6 Bxf6 6. e4 d5 7. e5 Be7 8. c4 O-O 9. a3 c5 10. cxd5 exd5 11. dxc5 Bxc5 12. b4 Bb6 13. Bd3 Nc6 14. O-O g5 15. b5 Na5 16. Qa4 1/2-1/2

[Event "Open A"]
[Site "Zadar CRO"]
[Date "2007.12.21"]
[Round "8"]
[White "Miladinovic, I."]
[Black "Sedlak, N."]
[Result "1/2-1/2"]
[WhiteElo "2603"]
[BlackElo "2605"]
[PlyCount "30"]
[EventDate "2007.12.16"]
[Source "www.chesslib.no"]
[SourceDate "2004.05.04"]

1. d4 e6 2. Nf3 f5 3. Bf4 Nf6 4. e3 Nc6 5. h3 Ne7 6. a3 b6 7. Nbd2 Bb7 8. Bg5 Ng6 9. Ne5 Be7 10. Nxg6 hxg6 11. Be2 Bxg2 12. Rg1 Bb7 13. Bf3 Bxf3 14. Qxf3 Nd5 15. Bxe7 Nxe7 1/2-1/2

[Event "Bundesliga 9697"]
[Site "Germany"]
[Date "1996.??.??"]
[Round "?"]
[White "Ftacnik, Lubomir"]
[Black "Lobron, Eric"]
[Result "1/2-1/2"]
[WhiteElo "2610"]
[BlackElo "2585"]
[PlyCount "85"]
[EventDate "1996.10.??"]
[Source "www.chesslib.no"]
[SourceDate "2004.05.04"]

1. d4 e6 2. Nf3 f5 3. g3 Nf6 4. Bg2 Be7 5. c4 d6 6. Nc3 a5 7. O-O O-O 8. Re1 Ne4 9. Nd2 Nxd2 10. Qxd2 e5 11. dxe5 dxe5 12. Qd5+ Qxd5 13. cxd5 Na6 14. Bd2 Rb8 15. Nb5 Bd7 16. Na3 b6 17. Nc4 Bd6 18. Rac1 Rbe8 19. Nxd6 cxd6 20. b3 Rc8 21. Rxc8 Rxc8 22. Rc1 Rxc1+ 23. Bxc1 Kf7 24. Be3 Nc5 25. f3 Bb5 26. Kf2 a4 27. Ke1 Ba6 28. Bh3 Kf6 29. b4 Nd7 30. g4 g6 31. gxf5 gxf5 32. a3 Kg6 33. Bf2 Nf6 34. Bxb6 Nxd5 35. Ba5 Nc3 36. Bc7 Nb5 37. Bb8 Kf6 38. e4 fxe4 39. fxe4 Ke7 40. Bf1 Kd7 41. Bxb5+ Bxb5 42. Kd2 Ke6 43. Kc3 1/2-1/2

[Event "III Torneo NH"]
[Site "Amsterdam OLA"]
[Date "2008.08.28"]
[Round "8"]
[White "L'Ami, E."]
[Black "Agdestein, S."]
[Result "1/2-1/2"]
[WhiteElo "2610"]
[BlackElo "2583"]
[PlyCount "189"]
[EventDate "2008.08.20"]
[Source "www.chesslib.no"]
[SourceDate "2004.05.04"]

1. d4 f5 2. Nc3 d5 3. Bg5 g6 4. Nf3 Nf6 5. Bxf6 exf6 6. e3 Be6 7. Bb5+ c6 8. Bd3 Nd7 9. O-O Bd6 10. Ne2 Bf7 11. c3 O-O 12. Qc2 Nb6 13. b3 Rc8 14. Rfc1 Qe7 15. Qd2 Rfd8 16. a3 c5 17. dxc5 Rxc5 18. Nfd4 a6 19. a4 Nd7 20. Nf4 Rcc8 21. b4 Ne5 22. Be2 Nc4 23. Qd3 Bb8 24. g3 Nd6 25. a5 Ne4 26. Rab1 Kh8 27. Bf1 Rd7 28. b5 axb5 29. Nxb5 Be5 30. Ne2 Ra8 31. Ra1 Qd8 32. f3 Nc5 33. Qb1 Rxa5 34. Qb4 Rxa1 35. Rxa1 Na6 36. Qb2 Qe8 37. Ned4 Bb8 38. Kf2 Re7 39. Nc2 Kg7 40. Nbd4 Nc5 41. Qb6 Qc8 42. Kg2 Be5 43. Qb4 Rc7 44. Ra3 h5 45. Nb5 Rd7 46. Ncd4 Qf8 47. Ra1 Rd8 48. Be2 Re8 49. Bf1 Qe7 50. Ra2 Bb8 51. Re2 Nd7 52. Qxe7 Rxe7 53. Kf2 Nb6 54. Re1 Nc4 55. Nc2 Be8 56. Nbd4 Bd6 57. Ra1 Kf7 58. Ra8 Rc7 59. Nb4 Nb6 60. Ra7 Bd7 61. Ra3 Rc5 62. Bd3 Na4 63. Ne2 Be5 64. Na2 Nb2 65. Bc2 Nc4 66. Ra7 Bc8 67. Nb4 Nb6 68. Ra3 Nc4 69. Ra7 Nd6 70. Nd3 Rc7 71. Ra3 Nb5 72. Rb3 Bd7 73. Nxe5+ fxe5 74. f4 Kf6 75. fxe5+ Kxe5 76. Bd3 Nd6 77. h4 Ba4 78. Rb4 Bd1 79. Nf4 Rxc3 80. Nxg6+ Ke6 81. Nf4+ Ke5 82. Ng6+ Kf6 83. Nf4 Rc5 84. Rd4 Bg4 85. Nxd5+ Ke5 86. Nf4 b5 87. Ke1 Ne4 88. Bxe4 fxe4 89. Kd2 Bf3 90. Rd8 b4 91. Rb8 Kf5 92. Rf8+ Ke5 93. Rb8 Kf5 94. Rf8+ Ke5 95. Rb8 1/2-1/2

[Event "RUS-Cup"]
[Site "Krasnodar"]
[Date "1998.??.??"]
[Round "8"]
[White "Ibragimov, Ildar"]
[Black "Malaniuk, Vladimir P"]
[Result "1/2-1/2"]
[WhiteElo "2590"]
[BlackElo "2600"]
[PlyCount "89"]
[EventDate "1998.??.??"]
[Source "www.chesslib.no"]
[SourceDate "2004.05.04"]

1. d4 f5 2. Nf3 Nf6 3. Bg5 e6 4. Nbd2 Be7 5. Bxf6 Bxf6 6. e4 d5 7. exf5 exf5 8. Ne5 Qe7 9. Qe2 O-O 10. O-O-O c5 11. Nd3 Qf7 12. Nxc5 Bxd4 13. Ncb3 Bf6 14. Nf3 Nc6 15. Qd2 Rd8 16. h4 Qc7 17. Kb1 a5 18. a4 Qb6 19. Nbd4 Nxd4 20. Nxd4 Bd7 21. Bb5 Rac8 22. c3 Bxb5 23. Nxb5 Rc4 24. Qc2 Qe6 25. g3 Re4 26. Rd2 f4 27. Rhd1 Rd7 28. Qb3 Re1 29. Ka2 Rxd1 30. Rxd1 h6 31. h5 fxg3 32. fxg3 Kh8 33. Rd3 Qf5 34. Qd1 Qe4 35. Nd4 Rd8 36. Rd2 Qe8 37. g4 Qd7 38. Nf5 Qc7 39. Nd4 Re8 40. Qb3 Qf4 41. Rd3 Qe4 42. Qd1 Qf4 43. Qb3 Qe4 44. Qb5 Rc8 45. Rd2 1/2-1/2

[Event "II Open Rapid"]
[Site "Canada de Calatrava SPA"]
[Date "2007.04.06"]
[Round "3"]
[White "Sokolov, Iv"]
[Black "Malaniuk, V."]
[Result "1-0"]
[WhiteElo "2652"]
[BlackElo "2535"]
[PlyCount "101"]
[EventDate "2007.04.06"]
[Source "www.chesslib.no"]
[SourceDate "2004.05.04"]

1. d4 f5 2. Nc3 Nf6 3. Bg5 d5 4. e3 e6 5. Nf3 c5 6. Be2 Nc6 7. O-O a6 8. Na4 c4 9. Ne5 Be7 10. Nxc6 bxc6 11. b3 Qa5 12. c3 cxb3 13. axb3 O-O 14. b4 Qc7 15. Bf4 Qd8 16. Nc5 Ne4 17. Nxe4 fxe4 18. Ra5 Bb7 19. f3 exf3 20. Rxf3 Qd7 21. Bd3 Bd6 22. Qc2 h6 23. Qf2 Bxf4 24. exf4 Rf6 25. Bb1 Raf8 26. Qc2 g5 27. fxg5 hxg5 28. Rxf6 Rxf6 29. Qd2 Qg7 30. Bd3 e5 31. Bxa6 Bxa6 32. Rxa6 e4 33. Qe3 Kh7 34. h3 Kg6 35. Qg3 Qb7 36. Ra1 Kh6 37. Qe5 Qf7 38. c4 Re6 39. Qh8+ Kg6 40. Ra8 Qh7 41. Rg8+ Kh6 42. Qxh7+ Kxh7 43. Rxg5 dxc4 44. Kf2 e3+ 45. Ke2 Re4 46. Rc5 Rxd4 47. Rxc6 Rd2+ 48. Kxe3 Rxg2 49. Rxc4 Rg3+ 50. Kd4 Rxh3 51. b5 1-0

[Event "Madrid ESP"]
[Site "Madrid ESP"]
[Date "1992.??.??"]
[Round "?"]
[White "Polgar, Zsuzsa"]
[Black "Salov, Valery B"]
[Result "0-1"]
[WhiteElo "2530"]
[BlackElo "2655"]
[PlyCount "24"]
[EventDate "1992.??.??"]
[Source "www.chesslib.no"]
[SourceDate "2004.05.04"]

1. d4 f5 2. Nc3 d5 3. Bf4 Nf6 4. Nf3 e6 5. e3 Be7 6. Bd3 O-O 7. Ne2 c5 8. c3 Nc6 9. h3 Bd6 10. Ne5 Ne4 11. f3 cxd4 12. Nxc6 Qh4+ 0-1

[Event "Campionato europeo 2007"]
[Site "Dresda GER"]
[Date "2007.04.13"]
[Round "10.38"]
[White "Dizdar, Goran"]
[Black "Kobalia, Mikhail"]
[Result "1-0"]
[WhiteElo "2543"]
[BlackElo "2639"]
[PlyCount "157"]
[EventDate "2007.04.03"]
[Source "www.chesslib.no"]
[SourceDate "2004.05.04"]

1. Nf3 d6 2. d4 f5 3. Nc3 Nf6 4. Bg5 d5 5. e3 e6 6. Bd3 Be7 7. O-O O-O 8. h3 Ne4 9. Bf4 c6 10. Ne2 Nd7 11. c4 a5 12. Bh2 g5 13. Ne5 Nxe5 14. Bxe5 Bd6 15. Bxd6 Qxd6 16. Qc2 Bd7 17. c5 Qe7 18. f3 Nf6 19. Rae1 Be8 20. g4 fxg4 21. fxg4 e5 22. Bf5 e4 23. Ng3 Bg6 24. Qh2 Ne8 25. Re2 Ng7 26. Ref2 Rad8 27. Bxg6 hxg6 28. Rxf8+ Rxf8 29. Rxf8+ Qxf8 30. Qf2 Qd8 31. b3 Ne6 32. Ne2 Kg7 33. Qg3 b6 34. cxb6 Qxb6 35. Qd6 Kf7 36. Kf2 Qa6 37. Nc3 Qb7 38. Kg3 Kf6 39. Kg2 Kf7 40. Kg3 Kf6 41. Kf2 Kf7 42. Ke1 Kf6 43. Kd2 Kf7 44. Kc1 Qa6 45. Kb2 Qc8 46. Na4 Qh8 47. Qd7+ Kf6 48. Qxc6 Qxh3 49. Nb6 Qxg4 50. Nxd5+ Kg7 51. Qd7+ Kh6 52. Nf6 Qg2+ 53. Ka3 Ng7 54. Qc8 g4 55. Nxg4+ Kg5 56. Ne5 Nf5 57. Qd8+ Kh5 58. Qh8+ Kg5 59. Qh7 Nh4 60. Qe7+ Kh5 61. Qh7+ Kg5 62. Qf7 Qg3 63. Nc4 Nf5 64. Ne5 Nh4 65. Qe7+ Kh5 66. Nc4 Qf3 67. d5 Nf5 68. Qh7+ Kg5 69. d6 Qd1 70. d7 Qd5 71. Qh2 Qxd7 72. Qf4+ Kh5 73. Qxe4 Ng3 74. Qxg6+ Kxg6 75. Ne5+ Kf5 76. Nxd7 Nf1 77. Ka4 Nxe3 78. Kxa5 Ke6 79. Nb6 1-0

[Event "Haifa"]
[Site "?"]
[Date "1989.??.??"]
[Round "?"]
[White "Hodgson, J."]
[Black "Gurevich, M."]
[Result "0-1"]
[WhiteElo "2535"]
[BlackElo "2645"]
[PlyCount "78"]
[EventDate "1989.??.??"]
[Source "ChessBase"]
[SourceDate "1989.07.01"]

1. d4 f5 2. Nf3 Nf6 3. h3 g6 4. Bf4 Bg7 5. e3 d6 6. Nbd2 Nc6 7. c3 O-O 8. Qb3+ Kh8 9. O-O-O Qe8 10. d5 Na5 11. Qa3 b6 12. Nb3 Ne4 13. Bg3 Nxg3 14. fxg3 e6 15. Nxa5 bxa5 16. Qxa5 c6 17. dxc6 Qxc6 18. Qb4 d5 19. h4 Bd7 20. Nd4 Qc8 21. h5 g5 22. h6 Bf6 23. g4 Rb8 24. Qa3 Qe8 25. Bd3 Ba4 26. b3 Bd7 27. Kb1 e5 28. Nxf5 e4 29. Bc2 Bxf5 30. gxf5 Qc6 31. c4 Rfd8 32. c5 Rb5 33. Bxe4 Rxc5 34. Qxa7 Rc8 35. Bxd5 Qb5 36. Rd2 Rxd5 37. Qf7 Rd6 38. Rc2 Qxf5 39. Rhc1 Qxc2+ 0-1

[Event "CZE-chT 0304"]
[Site "CZE"]
[Date "2003.??.??"]
[Round "1"]
[White "Movsesian, Sergei"]
[Black "Jakubiec, Artur"]
[Result "1-0"]
[WhiteElo "2645"]
[BlackElo "2535"]
[PlyCount "81"]
[EventDate "2003.10.??"]
[Source "Roberto Alvarez"]
[SourceDate "2004.02.16"]

1. d4 f5 2. Nc3 d5 3. Bg5 Nc6 4. f3 h6 5. Bh4 g5 6. Bf2 Nf6 7. e4 Bg7 8. h4 g4 9. Qd2 dxe4 10. fxe4 fxe4 11. d5 Nb4 12. O-O-O c6 13. Bc4 cxd5 14. a3 Be6 15. Bb3 Nc6 16. Nge2 Bf7 17. Nxd5 Bxd5 18. Bxd5 Qxd5 19. Qxd5 Nxd5 20. Rxd5 Rd8 21. Rxd8+ Kxd8 22. Ng3 Be5 23. Nxe4 Rf8 24. Re1 Rf5 25. c3 b6 26. Kc2 Rh5 27. Rh1 e6 28. Kd3 Ke7 29. Re1 Bf4 30. Kc2 Rf5 31. b4 Rd5 32. a4 h5 33. b5 Ne5 34. Bd4 Nd7 35. Rf1 e5 36. Bg1 Nf8 37. g3 Bh6 38. Rf5 Bg7 39. Rxh5 Ke6 40. Be3 Ng6 41. Rg5 1-0

[Event "Jugoslavija"]
[Site "?"]
[Date "1993.??.??"]
[Round "?"]
[White "Goldin, A."]
[Black "Malaniuk, V."]
[Result "1/2-1/2"]
[WhiteElo "2540"]
[BlackElo "2635"]
[PlyCount "84"]
[EventDate "1993.??.??"]
[Source "ChessBase"]
[SourceDate "1993.06.01"]

1. d4 f5 2. Nf3 Nf6 3. Bg5 e6 4. Nbd2 Be7 5. Bxf6 Bxf6 6. e4 d6 7. e5 Be7 8. exd6 cxd6 9. Bc4 Na6 10. O-O Nc7 11. Re1 O-O 12. a4 Kh8 13. a5 Bf6 14. Nf1 Bd7 15. c3 b5 16. axb6 axb6 17. Ng3 b5 18. Bb3 g6 19. Rxa8 Qxa8 20. Ne5 Bc8 21. Nd3 Bb7 22. f3 Re8 23. Qd2 Kg7 24. Qf2 Nd5 25. Nf1 Re7 26. Ne3 Nxe3 27. Qxe3 e5 28. dxe5 dxe5 29. Qc5 Qe8 30. Bd5 Bxd5 31. Qxd5 Qd7 32. Qxd7 Rxd7 33. Nxe5 Rd2 34. f4 Rxb2 35. Rd1 Be7 36. Rd5 Kf6 37. Nc6 Bf8 38. Nd4 b4 39. cxb4 Rd2 40. Rd8 Bxb4 41. Nc6 Bc5+ 42. Kh1 Bd6 1/2-1/2

[Event "Cetinje YUG tt"]
[Site "Cetinje"]
[Date "1993.??.??"]
[Round "8"]
[White "Goldin, A."]
[Black "Malaniuk, V."]
[Result "1/2-1/2"]
[WhiteElo "2540"]
[BlackElo "2635"]
[PlyCount "67"]
[EventDate "1993.??.??"]
[Source "www.chesslib.no"]
[SourceDate "2004.05.04"]

1. d4 f5 2. Nf3 Nf6 3. Bg5 e6 4. Nbd2 Be7 5. Bxf6 Bxf6 6. e4 d6 7. e5 Be7 8. exd6 cxd6 9. Bc4 Na6 10. O-O Nc7 11. Re1 O-O 12. a4 Kh8 13. a5 Bf6 14. Nf1 Bd7 15. c3 b5 16. Ng3 g6 17. Ne5 Bc8 18. Nd3 Bb7 19. f3 Re8 20. Qd2 Kg7 21. Qf2 Nd5 22. Nf1 Re7 23. Ne3 Nxe3 24. Qxe3 e5 25. dxe5 dxe5 26. Qc5 Qe8 27. Bd5 Bxd5 28. Qxd5 Qd7 29. Qxd7 Rxd7 30. Nxe5 Rd2 31. f4 Rxb2 32. Nc6 b4 33. cxb4 Rd2 34. Kh1 1/2-1/2

[Event "XXIX Open"]
[Site "Sevilla"]
[Date "2004.01.15"]
[Round "7"]
[White "Epishin, Vladimir"]
[Black "Spraggett, Kevin"]
[Result "1/2-1/2"]
[WhiteElo "2633"]
[BlackElo "2536"]
[PlyCount "89"]
[EventDate "2004.01.09"]
[Source "Roberto Alvarez"]
[SourceDate "2004.01.19"]

1. d4 f5 2. Nf3 Nf6 3. Bg5 e6 4. Nbd2 Be7 5. e3 O-O 6. Bd3 Nc6 7. Bxf6 Bxf6 8. c3 d5 9. Qc2 Qe7 10. O-O-O Kh8 11. h3 e5 12. dxe5 Nxe5 13. Nxe5 Bxe5 14. Nf3 c6 15. Kb1 Bd7 16. g4 g6 17. g5 Bg7 18. h4 b5 19. h5 Kg8 20. Nh4 Qf7 21. hxg6 hxg6 22. f3 b4 23. cxb4 Rab8 24. b5 Rfc8 25. e4 c5 26. exf5 c4 27. Nxg6 cxd3 28. Qh2 Qxg6 29. fxg6 Rxb5 30. a4 Rb4 31. Rd2 Rcb8 32. Qh7+ Kf8 33. Qxg7+ Kxg7 34. Rh7+ Kxg6 35. Rxd7 Kxg5 36. Rxd5+ Kf4 37. R5xd3 Rxa4 38. Re2 Rab4 39. Ra3 R8b7 40. Ka2 Rd7 41. Rc2 Rdb7 42. Rh2 Kg3 43. Re2 Kf4 44. Rd2 Kg3 45. Rc3 1/2-1/2

[Event "Zone 1.9"]
[Site "Donetsk UKR"]
[Date "1998.11.12"]
[Round "10"]
[White "Kruppa, Y."]
[Black "Malaniuk, V."]
[Result "1-0"]
[WhiteElo "2570"]
[BlackElo "2590"]
[PlyCount "59"]
[EventDate "1998.??.??"]
[Source "www.chesslib.no"]
[SourceDate "2004.05.04"]

1. d4 f5 2. Nc3 d5 3. Bf4 e6 4. e3 Nf6 5. Bd3 Be7 6. Nf3 O-O 7. O-O Bd7 8. Ne2 Be8 9. c4 c6 10. Qb3 Qc8 11. cxd5 Nxd5 12. Bg3 Nd7 13. Nd2 N7b6 14. h3 Bf7 15. Nf3 Nb4 16. Ne5 Nxd3 17. Qxd3 Bf6 18. Qb3 Nd5 19. Rac1 Be7 20. a3 Bf6 21. Rc2 Bxe5 22. Bxe5 Qd7 23. Nc1 Bg6 24. Re1 f4 25. e4 f3 26. gxf3 Nf4 27. Qe3 Nd5 28. Qg5 Qf7 29. Kh2 Rad8 30. exd5 1-0

[Event "7th Amplico AIG Life S/F"]
[Site "Warsaw POL"]
[Date "2007.12.16"]
[Round "1"]
[White "Aleksandrov, A."]
[Black "Peralta, Fe"]
[Result "1-0"]
[WhiteElo "2614"]
[BlackElo "2546"]
[PlyCount "67"]
[EventDate "2007.12.16"]
[Source "www.chesslib.no"]
[SourceDate "2004.05.04"]

1. d4 f5 2. Nf3 e6 3. e3 Nf6 4. Bd3 b6 5. O-O Bb7 6. c4 Bd6 7. Nbd2 O-O 8. Re1 Ne4 9. Qc2 Nxd2 10. Nxd2 Qh4 11. g3 Qh5 12. Be2 Qg6 13. f4 c5 14. Nf3 Nc6 15. Bd2 Rac8 16. Rad1 cxd4 17. exd4 Ne7 18. Ne5 Qe8 19. Qa4 Nc6 20. Bf3 Bxe5 21. dxe5 Rc7 22. Re3 Qc8 23. b3 Rf7 24. Rd3 Nb8 25. Bb4 Bxf3 26. Rxf3 Nc6 27. Bd6 Rb7 28. b4 Nd8 29. b5 Qa8 30. Rc3 g5 31. c5 gxf4 32. Qxf4 Rg7 33. c6 dxc6 34. bxc6 1-0